000 00904nam a2200217 a 4500
001 000017553
005 20240412074247.0
008 100326s1977 dr r 000 p spa d
040 _aDO-SdBNP
_bspa
_cBNPHU
082 _aRD861.44
_bF811d
245 0 0 _aFragmentos de décimas populares :
_by un aporte de la familia vegana /
_ccompilador Antonio Restituyo.
260 _aSanto Domingo :
_bTaller,
_c1977.
300 _a92 p. ;
_c16 cm.
500 _aIncluye notas al pie de las páginas
500 _aA la memoria de quienes colaboraron para la recopilación de testos "Fragmentos de Décimas Populares", y de don Luis María Ruiz Moreno, por quien se hace público este trabajo
590 _aInventariado, 2018/BT
650 4 _aPoesía popular dominicana
_924618
650 0 _aLiteratura dominicana.
_967
700 1 2 _aRestituyo, Antonio,
_ecomp.
_938063
910 _aValidado. Control de calidad. MFF
999 _c17078
_d17078